| 000 | 01153nam a2200313 a 4500 | ||
|---|---|---|---|
| 001 | 000115534 | ||
| 003 | CHAP | ||
| 005 | 20220329144538.0 | ||
| 008 | 190603s2018 mx a |sm |||||||spa d | ||
| 010 | _a111995 | ||
| 011 | _a112967 | ||
| 040 | _cCHAP | ||
| 090 | _aTesis | ||
| 100 | 1 |
_aPérez Pardo, Brenda Edén. _9135847 |
|
| 245 | 1 | 0 |
_aOferta y demanda de agua en el periodo 1990-2015 en el municipio de Chicoloapan, Estado de México _h[En línea] _cpor Brenda Edén Pérez PardoM. |
| 260 |
_aChapingo, Méx. : _bEl autor, _c2018. |
||
| 500 | _aPara ver el contenido del material haga clic en la liga | ||
| 502 | _aTesis (Ing. en Recursos Naturales Renovables) -- UACH. Departamento de Suelos | ||
| 590 |
_aE11695DGD _b10 _c20190605 _lUCH01 _h1014 |
||
| 590 |
_aE6337LMJ _b05 _c20190603 _lUCH01 _h1443 |
||
| 590 |
_aE6337LMJ _b05 _c20190603 _lUCH01 _h1443 |
||
| 650 | 1 | 4 |
_aAgua potable _xAbastecimiento. _92443 |
| 650 | 1 | 4 |
_aAgua Potable _xAdministración. _9133585 |
| 650 | 1 | 4 |
_aAgua potable _xMéxico (Edo.) _92449 |
| 856 |
_aFinding aid _uhttp://10.13.5.2/tesis/sist115534.pdf _zTeclea aquí |
||
| 901 | _aBK | ||
| 942 | _cTESIS | ||
| 942 | _n0 | ||
| 999 |
_c111995 _d111995 |
||